000 01208nam a22003137a 4500
003 EG-GICUC
005 20260121101212.0
008 251111s1992 ua ||||fr|||| 00| 0 ara d
017 _a1991/9694
020 _a9770406620
040 _a EG-GICUC
_bara
_c EG-GICUC
_d EG-GICUC
_erda
041 _aara
082 0 4 _221
_a343.3
_bم أ .إ
092 0 4 _221
099 _aLaw1 10 343.3 1992
100 0 _aمأمون محمد سلامه
_eمؤلف.
245 _aالإجراءات الجنائية فى التشريع المصري.
_nالجزء الثانى ,
_pالمحاكمة-الحكم-العيوب الإجرائية -طرق الطعن/
_cمأمون محمد سلامه
264 _aالقاهرة :
_bدار الفكر العربي ; مطبعة جامعة القاهرة ,
_c1992 .
300 _a622 صفحة;
_c24 سم
336 _2rda content
_atext
337 _2rda media
_aComputer
338 _2rda carrier
_aOnline Resource
546 _aالنص باللغة العربية
650 1 _aقانون جنائي
650 1 _aقانون الإجراءات الجنائية
856 4 0 _uhttps://fll.law.cu.edu.eg/fulltext/bks/B10-05509.pdf
905 _a44
942 _2ddc
_cBK
_e21
_n0
999 _c42698
_d42698